00599nam a22001697a 450000500170000001000150001702000270003203500140005903700130007308200150008624501290010126000540023027000800028430000240036470000160038870000250040420220715155328.0 aENG-133608 a9789391370237c1250.00 aEN-117140 bDBAD/PUB a305.560954 aEmpowering Marginalized Communities in India:bThe Impact of Higher Education/cEdited by M.J. Vinod and S.Y. Surendra Kumar aNew DelhibSage Publications India Pvt. Ltdc2021 aB-1/I-I Mohan Cooperative Industrial Area Mathura Road, bNew Delhie110044 axv, 276p.c22cm(hb) aVinod, M.J. aKumar, S.Y. Surendra